000 00295nam a2200133Ia 4500
008 191201s1992 xx 000 0 und d
082 _a823
_bRAA
100 _aRAND, Aym
245 0 _aAtlas Shrugged
260 _aU S A
_bPenguin Book
_c1992
300 _a1079
650 _aMBA
942 _2ddc
_cBK
999 _c5186
_d5186